Angry Birds Classic: Birds by Picture - Statistics

General Stats
  • This quiz has been taken 27 times
  • The average score is 8 of 9
Answer Stats
Picture Answer % Correct
Red
100%
Bomb
95%
Chuck
91%
Stella
86%
Matilda
82%
Hal
77%
The Blues
77%
Terence
73%
Bubbles
68%
No matching quizzes found
Score Distribution
Percent of People with Each Score
Percentile by Number Answered
Your Score History
You have not taken this quiz